000 00380 a2200169 4500
001 183394
020 _a85-262-1992-8
040 _cMagnum
100 _aRios, Rosana
240 1 0 _aA aventura da tartaruga-de-pente
_lpor
245 1 0 _aA aventura da tartaruga-de-pente
300 _a16
362 0 _a1995
440 1 _aScipione
697 _aLITERATURA INFANTO
942 _cBK
999 _c183394
_d183394